Miasta województwa śląskiego - nagła śmierć - Statystyki

Ogólne statystyki
  • Ten quiz został rozwiązany 449 razy
  • Średni wynik to 10 z 20
Answers on the Grid
Answers color-coded by a green-red scale on the quiz's grid according to % correct below.
Annopol
Bielsko-Biała
Bytów
Częstochowa
Dąbrowa Górnicza
Gliwice
Głogówek
Gorzów Śląski
Imielin
Katowice
Kępno
Kłobuck
Kluczbork
Koniecpol
Mikołów
Olesno
Oświęcim
Otyń
Ozimek
Piekary Śląskie
Radomsko
Ruda Śląska
Sędziszów
Siemianowice Śląskie
Skoczów
Sława
Sławków
Sośnicowice
Sosnowiec
Środa Śląska
Strumień
Tychy
Ustroń
Wadowice
Wieluń
Wisła
Włoszczowa
Wolbrom
Ząbkowice Śląskie
Zdzieszowice
 
Statystyki odpowiedzi
Odpowiedź % Poprawnych
Bielsko-Biała
89%
Gliwice
83%
Częstochowa
78%
Katowice
78%
Dąbrowa Górnicza
77%
Ruda Śląska
59%
Piekary Śląskie
58%
Siemianowice Śląskie
57%
Sosnowiec
57%
Tychy
57%
Mikołów
50%
Wisła
44%
Ustroń
37%
Imielin
35%
Kłobuck
32%
Skoczów
29%
Sławków
22%
Strumień
18%
Koniecpol
17%
Sośnicowice
16%
Nie znaleziono quizów pasujących do podanych kryteriów
Rozkład punktacji
Procent ludzi z każdym wynikiem
Percentyl według liczby udzielonych odpowiedzi
Twoja historia wyników
Nie rozwiązałeś tego quizu